| 000 | 00615nam a2200217Ia 4500 | ||
|---|---|---|---|
| 003 | OSt | ||
| 005 | 20260703160456.0 | ||
| 008 | 210423s2013 xx 000 0 und d | ||
| 020 | _a978-81-203-4677-2 | ||
| 040 | _cAL | ||
| 041 | _aeng | ||
| 082 |
_a581.87 _b PURI |
||
| 100 |
_aPUROHIT (Sunil D) _9112185 |
||
| 245 | _aIntroduction to plant cell tissue and organ culture | ||
| 260 |
_aDelhi _bPHI Learning Pvt Ltd _c2013 |
||
| 300 |
_axv,316 _bPB |
||
| 365 |
_b295 _cINR |
||
| 650 |
_aTissue & Molecular Botany _9112186 |
||
| 906 | _acell ; culture ; Introduction ; organ ; plant ; tissue | ||
| 942 |
_2ddc _cBK |
||
| 999 |
_c168019 _d168019 |
||